Jugadores Italia #1 - Estadísticas

Estadísticas generales
  • Esta prueba ha sido intentada 40 veces
  • La puntuación promedio es 16 de 20
Estadísticas de respuestas
Imagen Respuesta % Correcto
Chiesa
100%
Donnarumma
100%
Barella
89%
Immobile
86%
Insigne
86%
Jorginho
86%
Tonali
86%
Dimarco
80%
El Shaarawy
80%
Locatelli
80%
Bastoni
77%
Belotti
74%
Calafiori
74%
Di Lorenzo
74%
Kean
74%
Vicario
74%
Retegui
71%
Berardi
69%
Mancini
57%
Orsolini
37%
No se encontraron pruebas coincidentes
Distribución de puntuación
Porcentaje de gente con cada puntuación
Porcentaje por número respondido
Historial de tus puntuaciones
No has intentado esta prueba.